| 000 | 00359nam a2200145Ia 4500 | ||
|---|---|---|---|
| 008 | 150201s2000 xx 000 0 und d | ||
| 082 |
_a603 _bC2000M |
||
| 100 | _aSTEDMAN | ||
| 245 | _aSTEDMANS MEDICAL DICTIONARY | ||
| 250 | _a27 TH | ||
| 260 |
_bLIPPINCOTT PUBLICATION _aPHILADELPHIA _c2000 |
||
| 300 | _aJan-98 | ||
| 650 | _aDICTIONARIES | ||
| 942 |
_2ddc _cBK |
||
| 999 |
_c2561 _d2561 |
||